00615nam a2200181Ia 4500008004100000020001500041041001200056082001600068100002000084245006000104260004800164300000800212650000800220700001200228942000700240999001500247952017100262221030s9999 xx 000 0 und d a8122403077 aEnglish a105.23bCho aD. R. Choudhury 0aLinear Integrated Circuitscby D. R. Choudhury, S. Jain bNew Age International Pub.aNew Delhic1999 a456 aECE aS. Jain cBK c8601d8601 pBE 839g165.00l0o105.23 Chor2024-06-13 00:00:00w2022-10-30yBK003Print4070aMIETLIBbMIETLIBcBL-Academic Block- A, FL-1, CUP-10, SH-2, R-2d2000-01-2910HBE